English collocations in use how words work together for fluent and natural English : self-study and classroom use
Salvato in:
| Autori principali: | , |
|---|---|
| Natura: | Libro |
| Lingua: | inglese |
| Pubblicazione: |
Cambridge
Cambridge University Press
2005
|
| Edizione: | 1st publ. |
| Soggetti: | |
| Accesso online: | Visualizza in OPAC |
| Tags: |
Nessun Tag, puoi essere il primo ad aggiungerne!!
|
MARC
| LEADER | 00000nam a2200000 a 4500 | ||
|---|---|---|---|
| 005 | 20260127134003.0 | ||
| 008 | 171129s2005 xxka d p 001 0 eng | ||
| 020 | |a 0521603781 |q (brož.) | ||
| 035 | |a vtls008297693 | ||
| 039 | 9 | |a 201711291301 |b VLOAD |c 201010181027 |d msnk88 |c 200607201042 |d msnk14 |c 200607191459 |d msnk15 |y 200509141137 |z msnk09 | |
| 040 | |a SNK |b slo |c SNK |d STUSCHK1 |e AACR2 | ||
| 041 | 0 | |a eng | |
| 044 | |a xxk |c GB | ||
| 072 | 7 | |a 811.111 |x Angličtina |2 konspekt | |
| 080 | |a 811.111 |2 2001 | ||
| 080 | |a 81`373.72 |2 2001 | ||
| 080 | |a (075.8) |2 2001 | ||
| 100 | 1 | |a Mccarthy, Michael | |
| 245 | 1 | 0 | |a English collocations in use |b how words work together for fluent and natural English : self-study and classroom use |c Michael McCarthy, Felicity O'Dell |
| 250 | |a 1st publ. | ||
| 260 | |a Cambridge |b Cambridge University Press |c 2005 | ||
| 300 | |a 190 s. |b ilustr. |c 27 cm | ||
| 650 | 0 | 7 | |a angličtina |2 SNKPH |
| 650 | 0 | 7 | |a kolokácia |2 SNKPH |
| 650 | 0 | 7 | |a idiómy |2 SNKPH |
| 655 | 7 | |a učebnice vysokých škôl |2 SNKPH | |
| 700 | 1 | |a O'Dell, Felicity |4 aut | |
| 910 | |a SCHK95 | ||
| 910 | |a snk | ||
| 919 | |a 0-521-60378-1 | ||
| 999 | |c 1540 |d 1540 | ||